LEADER 01171nam0-22003251i-450- 001 990002037520403321 005 20021010 035 $a000203752 035 $aFED01000203752 035 $a(Aleph)000203752FED01 035 $a000203752 100 $a20021010d--------km-y0itay50------ba 101 0 $aita 200 1 $a<>Syrphidae of the Ethiopian Region based on material in the collection of the British Museum (Natural History) withdescription of new genera and species$fMario Bezzi 210 $aNew York$cJohnson Reprint Corporation$d1966 (Ed. orig.$cLondon$cBritish Mseum$d1916) 215 $a146 p.$d22 cm 610 0 $aDitteri 610 0 $aDitteri, Africa 610 0 $aDiptera, Syrphidae 610 0 $aDiptera, Syrphoidea 676 $a595.77 700 1$aBezzi,$bMario$f<1868-1927>$086579 801 0$aIT$bUNINA$gRICA$2UNIMARC 901 $aBK 912 $a990002037520403321 952 $a61 V C.7/086$b3345$fDAGEN 959 $aDAGEN 996 $aSyrphidae of the Ethiopian Region based on material in the collection of the British Museum (Natural History) withdescription of new genera and species$9407349 997 $aUNINA DB $aING01 LEADER 01558nam0 22003373i 450 001 VAN0253196 005 20231214031938.117 010 $a978-88-08-22068-4 100 $a20230116d2018 |0itac50 ba 101 $aita 102 $aIT 105 $a|||| ||||| 200 1 $aElementi di chimica fisica$fPeter Atkins, Julio De Paula$ga cura di Renato Lombardo 205 $a4. ed. italiana condotta sulla 7. ed. inglese 210 $aBologna$cZanichelli$d2018 215 $aXII, 612 p.$cill.$d28 cm 620 $dBologna$3VANL000003 676 $a541$cChimica fisica$v22 700 1$aAtkins$bPeter$3VANV014300$062922 701 1$aDe Paula$bJulio$3VANV206497$0299833 702 1$aLombardo$bRenato$3VANV206498 712 $aZanichelli $3VANV110843$4650 801 $aIT$bSOL$c20240621$gRICA 856 4 $u/sebina/repository/catalogazione/documenti/a03.9788808220684.pdf$za03.9788808220684.pdf 856 4 $uhttps://prestitodigitale.zanichelli.it/app/api/resource/choice/464$zPer l'accesso al full-text: accedere al link, inserire le credenziali del Wi-Fi di Ateneo e seguire le istruzioni 899 $aBIBLIOTECA DEL DIPARTIMENTO DI SCIENZE E TECNOLOGIE AMBIENTALI BIOLOGICHE E FARMACEUTICHE$1IT-CE0101$2VAN17 912 $fN 912 $aVAN0253196 950 $aBIBLIOTECA DEL DIPARTIMENTO DI SCIENZE E TECNOLOGIE AMBIENTALI BIOLOGICHE E FARMACEUTICHE$d17CONS e-book Zanichelli 2882 $e17OM 2882/45 45 20230116 $sBuono 996 $aElements of physical chemistry$929312 997 $aUNICAMPANIA